[Event "MNT CupT"]
[Site "Cetinje"]
[Date "2023.07.10"]
[Round "2.1"]
[White "Iljin, Artem"]
[Black "Savic, Miomir"]
[Result "1-0"]
[WhiteElo "2503"]
[BlackElo "2107"]
[PlyCount "81"]
[EventDate "2023.07.09"]
[EventType "team-swiss"]
[EventRounds "5"]
[EventCountry "MNE"]
[SourceTitle "CBM 215 Extra"]
[Source "ChessBase"]
[SourceDate "2023.09.30"]
[SourceVersion "1"]
[SourceVersionDate "2023.09.30"]
[SourceQuality "1"]
[WhiteTeam "Crnogorac"]
[BlackTeam "Herceg Novi"]
[WhiteTeamCountry "MNE"]
[BlackTeamCountry "MNE"]

1. Nf3 c5 2. c4 Nf6 3. g3 b6 4. Bg2 Bb7 5. 0-0 d6 6. Nc3 g6 7. d4 cxd4 8. Qxd4 Bg7 9. Rd1 h6 10. b3 Nc6 11. Qe3 Nb4 12. Rb1 0-0 13. Bb2 Rc8 14. Qd2 a5 15. a3 Na6 16. Nd5 Bxd5 17. cxd5 Ne4 18. Qd3 Nac5 19. Qe3 Nf6 20. Nd4 Re8 21. b4 axb4 22. axb4 Na4 23. Ba1 Qd7 24. Qd3 Rb8 25. Nc6 Ra8 26. Rb3 Qb7 27. Bd4 b5 28. Rc1 Nd7 29. Rbb1 Bxd4 30. Nxd4 Rab8 31. f4 Nf6 32. e3 Kg7 33. Rc2 Rbc8 34. Rc6 Rb8 35. e4 Nd7 36. h3 Qa7 37. Kh2 Qb7 38. Rbc1 Nb2 39. Qc3 Na4 40. Qd3 Rec8 41. Qc2 1-0

[Event "Titled Tuesday intern op 08th Nov Early"]
[Site "Chess.com INT"]
[Date "2022.11.08"]
[Round "10"]
[White "Savic, Miomir"]
[Black "Gabdrakhmanov, Azat"]
[Result "1-0"]
[WhiteElo "2111"]
[BlackElo "2319"]
[PlyCount "61"]
[EventDate "2022.11.08"]
[EventType "swiss (blitz)"]
[EventRounds "11"]
[EventCountry "USA"]
[SourceTitle "EXT 2024"]
[Source "ChessBase"]
[SourceDate "2023.10.10"]
[SourceVersion "1"]
[SourceVersionDate "2023.10.10"]
[SourceQuality "1"]

1. d4 Nf6 2. Bg5 Ne4 3. Bf4 c5 4. f3 Nf6 5. d5 d6 6. Nc3 g6 7. e4 Bg7 8. Nge2 Nbd7 9. a4 a6 10. Ng3 Rb8 11. Be2 0-0 12. Qd2 Ne5 13. 0-0 Bd7 14. h3 b5 15. axb5 axb5 16. b3 b4 17. Nd1 e6 18. Bg5 exd5 19. exd5 Bc8 20. Nf2 Qc7 21. f4 Ned7 22. f5 Ne8 23. Be7 Bxa1 24. Rxa1 f6 25. fxg6 hxg6 26. Qh6 Rf7 27. Qxg6+ Ng7 28. Nf5 Rxe7 29. Nxe7+ Kf8 30. Qh6 Qd8 31. Nf5 1-0

[Event "MNT-chT 1st League"]
[Site "Sutomore"]
[Date "2021.07.31"]
[Round "1.2"]
[White "Savic, Vladimir"]
[Black "Savic, Miomir"]
[Result "1/2-1/2"]
[WhiteElo "1944"]
[BlackElo "2156"]
[PlyCount "72"]
[EventDate "2021.07.31"]
[EventType "team-tourn"]
[EventRounds "9"]
[EventCountry "MNE"]
[SourceTitle "EXT 2022"]
[Source "ChessBase"]
[SourceDate "2021.10.06"]
[SourceVersion "1"]
[SourceVersionDate "2021.10.06"]
[SourceQuality "1"]
[WhiteTeam "Berane"]
[BlackTeam "Herceg Novi"]
[WhiteTeamCountry "MNE"]
[BlackTeamCountry "MNE"]

1. d4 Nf6 2. Nf3 c5 3. Nc3 cxd4 4. Nxd4 g6 5. g3 Bg7 6. Bg2 0-0 7. 0-0 Nc6 8. Bg5 h6 9. Nxc6 dxc6 10. Bxf6 Bxf6 11. Qxd8 Rxd8 12. Rfd1 Be6 13. a3 Bxc3 14. bxc3 Bc4 15. Bf3 e5 16. Rab1 Ba6 17. e3 Kf8 18. Be4 Rxd1+ 19. Rxd1 Ke7 20. Bd3 Rd8 21. Rb1 Rd7 22. Bxa6 bxa6 23. Kf1 Kd8 24. Ke2 Kc7 25. e4 c5 26. f4 f6 27. fxe5 fxe5 28. Rf1 Rd6 29. Rf7+ Kb6 30. Re7 Kb5 31. Rxe5 Kc4 32. Rd5 Rxd5 33. exd5 Kxd5 34. Kd3 c4+ 35. Ke3 Ke5 36. g4 g5 1/2-1/2

[Event "Titled Tuesday intern op 16th June"]
[Site "Chess.com INT"]
[Date "2020.06.16"]
[Round "10"]
[White "Efimenko, Maria"]
[Black "Savic, Miomir"]
[Result "0-1"]
[WhiteElo "2245"]
[BlackElo "2186"]
[PlyCount "97"]
[EventDate "2020.06.16"]
[EventType "swiss (blitz)"]
[EventRounds "10"]
[EventCountry "USA"]
[SourceTitle "EXT 2021"]
[Source "ChessBase"]
[SourceDate "2020.10.23"]
[SourceVersion "1"]
[SourceVersionDate "2020.10.23"]
[SourceQuality "1"]

1. e4 c5 2. c3 Nf6 3. e5 Nd5 4. d4 Nc6 5. Nf3 cxd4 6. cxd4 d6 7. Bc4 Nb6 8. Bb5 dxe5 9. Nxe5 Bd7 10. Nxc6 Bxc6 11. Bxc6+ bxc6 12. 0-0 e6 13. Qg4 h5 14. Qe4 Qd5 15. Nc3 Qxe4 16. Nxe4 Be7 17. Be3 0-0 18. Rac1 Rfc8 19. Rc2 Nd5 20. a3 a5 21. Rfc1 Rcb8 22. h3 g6 23. Nc5 Bxc5 24. dxc5 f6 25. Bd2 e5 26. Rb1 a4 27. Re1 Kf7 28. Re4 Ke6 29. Bc1 f5 30. Re1 Kf6 31. Rc4 g5 32. h4 g4 33. f3 Re8 34. fxg4 hxg4 35. Bg5+ Kg6 36. Kf2 e4 37. g3 Reb8 38. Re2 Rb3 39. Bc1 Rf3+ 40. Kg2 e3 41. Rd4 Rf8 42. Rxa4 f4 43. Re4 Rxg3+ 44. Kf1 Kf5 45. Ra4 Rf3+ 46. Kg2 Rg3+ 47. Kf1 Rh3 48. b4 Rh1+ 49. Kg2 0-1

[Event "Titled Tuesday intern op 16th June"]
[Site "Chess.com INT"]
[Date "2020.06.16"]
[Round "9"]
[White "Savic, Miomir"]
[Black "Schrik, Rachid"]
[Result "1-0"]
[WhiteElo "2186"]
[BlackElo "2198"]
[PlyCount "71"]
[EventDate "2020.06.16"]
[EventType "swiss (blitz)"]
[EventRounds "10"]
[EventCountry "USA"]
[SourceTitle "EXT 2021"]
[Source "ChessBase"]
[SourceDate "2020.10.23"]
[SourceVersion "1"]
[SourceVersionDate "2020.10.23"]
[SourceQuality "1"]

1. c4 e5 2. Nc3 Bb4 3. e4 Bxc3 4. bxc3 Ne7 5. Nf3 d6 6. d4 Nbc6 7. Be3 f6 8. Bd3 0-0 9. 0-0 Kh8 10. Rb1 b6 11. a4 Na5 12. Nd2 Be6 13. f4 c5 14. f5 Bf7 15. d5 Rg8 16. g4 g5 17. fxg6 Nxg6 18. Qf3 Nh4 19. Qg3 Qd7 20. h3 Ng6 21. Rxf6 Rg7 22. Rbf1 Rag8 23. Kh2 Nb7 24. Bc2 Nd8 25. Bh6 Be8 26. Bxg7+ Qxg7 27. Rxd6 Nf7 28. Rdf6 Nf4 29. R1xf4 exf4 30. Qxf4 Ng5 31. e5 Bh5 32. e6 Nxh3 33. Kxh3 Bxg4+ 34. Kh4 Bf5 35. Rxf5 Qg2 36. Qe5+ 1-0

[Event "MNT-chT"]
[Site "Ulcinj"]
[Date "2014.09.28"]
[Round "9.4"]
[White "Savic, Miomir"]
[Black "Kalezic, Blazo"]
[Result "1/2-1/2"]
[WhiteElo "2215"]
[BlackElo "2416"]
[PlyCount "25"]
[EventDate "2014.09.20"]
[EventType "team-tourn"]
[EventRounds "9"]
[EventCountry "MNE"]
[SourceTitle "CBM 162 Extra"]
[Source "ChessBase"]
[SourceDate "2014.10.17"]
[SourceVersion "1"]
[SourceVersionDate "2014.10.17"]
[SourceQuality "1"]
[WhiteTeam "Herceg Novi"]
[BlackTeam "Buducnost"]
[WhiteTeamCountry "MNE"]
[BlackTeamCountry "MNE"]

1. d4 e6 2. c4 c5 3. dxc5 Bxc5 4. Nc3 Nf6 5. a3 a5 6. e3 0-0 7. Nf3 d5 8. Be2 Nc6 9. 0-0 Re8 10. h3 h6 11. cxd5 exd5 12. Bb5 Re6 13. Qc2 1/2-1/2

[Event "MNT-chT"]
[Site "Ulcinj"]
[Date "2014.09.24"]
[Round "5.4"]
[White "Nikcevic, Nebojsa"]
[Black "Savic, Miomir"]
[Result "1-0"]
[WhiteElo "2417"]
[BlackElo "2215"]
[PlyCount "85"]
[EventDate "2014.09.20"]
[EventType "team-tourn"]
[EventRounds "9"]
[EventCountry "MNE"]
[SourceTitle "CBM 162 Extra"]
[Source "ChessBase"]
[SourceDate "2014.10.17"]
[SourceVersion "1"]
[SourceVersionDate "2014.10.17"]
[SourceQuality "1"]
[WhiteTeam "Rumija"]
[BlackTeam "Herceg Novi"]
[WhiteTeamCountry "MNE"]
[BlackTeamCountry "MNE"]

1. Nf3 c5 2. c4 Nf6 3. Nc3 g6 4. d4 cxd4 5. Nxd4 Nc6 6. e4 d6 7. f3 Bg7 8. Be3 0-0 9. Qd2 Bd7 10. Nb3 b6 11. Be2 Re8 12. 0-0 Ne5 13. Nd4 Nc6 14. Nc2 Rc8 15. Rac1 Ne5 16. b3 Qc7 17. Kh1 Qb8 18. Rfd1 Bc6 19. Bg5 Ned7 20. Nd4 Bb7 21. Bf1 Rc5 22. Nd5 e6 23. Nxf6+ Bxf6 24. Bxf6 Nxf6 25. Nb5 d5 26. exd5 exd5 27. b4 Rcc8 28. c5 Re5 29. Nd6 Rd8 30. Qd4 Re6 31. Re1 Rxe1 32. Rxe1 Ne8 33. Nxe8 Rxe8 34. Rxe8+ Qxe8 35. cxb6 Qe1 36. Kg1 a5 37. bxa5 Qxa5 38. a4 Qe1 39. h3 Ba6 40. Qf2 Qa1 41. Kh2 Qxa4 42. Bxa6 Qxa6 43. Qc5 1-0

[Event "MNT-chT"]
[Site "Cetinje"]
[Date "2013.06.30"]
[Round "7.5"]
[White "Savic, Miomir"]
[Black "Potpara, Nikola"]
[Result "1/2-1/2"]
[WhiteElo "2201"]
[BlackElo "2236"]
[PlyCount "37"]
[EventDate "2013.06.24"]
[EventType "team-tourn"]
[EventRounds "9"]
[EventCountry "MNE"]
[SourceTitle "CBM 155 Extra"]
[Source "ChessBase"]
[SourceDate "2013.08.26"]
[SourceVersion "1"]
[SourceVersionDate "2013.08.26"]
[SourceQuality "1"]
[WhiteTeam "Herceg Novi"]
[BlackTeam "Rumija"]
[WhiteTeamCountry "MNE"]
[BlackTeamCountry "MNE"]

1. c4 Nf6 2. Nf3 c5 3. g3 b6 4. Bg2 Bb7 5. 0-0 e6 6. b3 Be7 7. Bb2 0-0 8. d3 d5 9. cxd5 Nxd5 10. Nbd2 Nc6 11. Ne5 Qc7 12. Nxc6 Bxc6 13. Nc4 Rfd8 14. a3 Nf6 15. Bxc6 Qxc6 16. Qc2 Rac8 17. Rac1 Qd5 18. Ne5 Ne8 19. Nf3 1/2-1/2

[Event "MNT-chT"]
[Site "Cetinje"]
[Date "2013.06.25"]
[Round "2.5"]
[White "Kontic, Djordjije"]
[Black "Savic, Miomir"]
[Result "1/2-1/2"]
[WhiteElo "2337"]
[BlackElo "2201"]
[PlyCount "20"]
[EventDate "2013.06.24"]
[EventType "team-tourn"]
[EventRounds "9"]
[EventCountry "MNE"]
[SourceTitle "CBM 155 Extra"]
[Source "ChessBase"]
[SourceDate "2013.08.26"]
[SourceVersion "1"]
[SourceVersionDate "2013.08.26"]
[SourceQuality "1"]
[WhiteTeam "Elektroprivreda"]
[BlackTeam "Herceg Novi"]
[WhiteTeamCountry "MNE"]
[BlackTeamCountry "MNE"]

1. e4 c5 2. Nf3 d6 3. d4 cxd4 4. Nxd4 Nf6 5. Nc3 g6 6. Be3 Bg7 7. Be2 0-0 8. Qd2 Nc6 9. 0-0-0 d5 10. Nxc6 bxc6 1/2-1/2

[Event "Belgrade Trophy 26th"]
[Site "Belgrade"]
[Date "2012.11.26"]
[Round "3"]
[White "Savic, Miomir"]
[Black "Damljanovic, Branko"]
[Result "0-1"]
[WhiteElo "2216"]
[BlackElo "2576"]
[PlyCount "82"]
[EventDate "2012.11.24"]
[EventType "swiss"]
[EventRounds "9"]
[EventCountry "SRB"]
[SourceTitle "CBM 151 Extra"]
[Source "ChessBase"]
[SourceDate "2012.12.18"]
[SourceVersion "1"]
[SourceVersionDate "2012.12.18"]
[SourceQuality "1"]

1. d4 d6 2. c4 e5 3. dxe5 dxe5 4. Qxd8+ Kxd8 5. Nc3 Be6 6. b3 f6 7. Bb2 Nd7 8. 0-0-0 c6 9. e3 Kc7 10. Bd3 Nh6 11. h3 Nc5 12. Bc2 a5 13. Nge2 a4 14. Kb1 axb3 15. axb3 Nf7 16. Ng3 h5 17. Nge4 Na6 18. Na2 Be7 19. f4 exf4 20. exf4 Rae8 21. Ng3 h4 22. Ne2 Nh6 23. Nd4 Bf7 24. Rhe1 Bd6 25. Bc1 Bh5 26. Rxe8 Rxe8 27. Rf1 Bc5 28. Bb2 Re3 29. f5 Rg3 30. Ne6+ Kc8 31. Nf4 Bf7 32. Nc3 Be3 33. Nce2 Rg5 34. g4 hxg3 35. Ng2 Bf2 36. Bc1 Rh5 37. Nef4 Rxf5 38. Bxf5+ Nxf5 39. Ka2 Nc5 40. Ba3 Ne4 41. Bc1 g5 0-1

[Event "MNT-chTA"]
[Site "Cetinje"]
[Date "2012.09.21"]
[Round "4"]
[White "Petrusic, Goran"]
[Black "Savic, Miomir"]
[Result "0-1"]
[WhiteElo "1963"]
[BlackElo "2227"]
[PlyCount "118"]
[EventDate "2012.09.07"]
[EventType "team-tourn"]
[EventRounds "9"]
[EventCountry "MNE"]
[SourceTitle "CBM 150 Extra"]
[Source "ChessBase"]
[SourceDate "2012.10.19"]
[SourceVersion "1"]
[SourceVersionDate "2012.10.19"]
[SourceQuality "1"]

1. d4 Nf6 2. Bg5 Ne4 3. Bf4 c5 4. d5 Qb6 5. Qc1 c4 6. e3 Qa5+ 7. Nd2 c3 8. bxc3 Nxc3 9. Ngf3 Nxd5 10. Bxb8 Rxb8 11. Bc4 e6 12. 0-0 Ba3 13. Qb1 Nc3 14. Qb3 d5 15. Bd3 0-0 16. Nb1 Nxb1 17. Qxb1 h6 18. Qd1 b5 19. Ne5 Qc7 20. Nf3 e5 21. Be2 Be6 22. Rb1 b4 23. Nd2 a5 24. f4 f5 25. fxe5 Qxe5 26. Rf3 a4 27. Kh1 Bb2 28. Rg3 Bc3 29. Nf3 Qxe3 30. Ng5 Qe5 31. Nxe6 Qxe6 32. Qf1 Rbc8 33. Bb5 a3 34. Ba4 Kh8 35. Bb3 Qe5 36. Rd1 d4 37. Qa6 Rce8 38. Rf1 Rf6 39. Qb7 Qe7 40. Qb5 Bd2 41. Rgf3 f4 42. Qh5 Qe5 43. Qxe5 Rxe5 44. g3 g5 45. g4 Be3 46. Bc4 Rc6 47. Bd3 Rec5 48. h4 Kg7 49. Rh3 Rxc2 50. hxg5 Rxa2 51. Be4 Rb6 52. g6 Rxg6 53. Bxg6 Kxg6 54. Rh5 b3 55. Rb5 b2 56. Rb6+ Kg5 57. Rb5+ Kxg4 58. Rb8 Ra1 59. Rg8+ Kh3 0-1

[Event "MNT-chT"]
[Site "Tivat"]
[Date "2011.10.15"]
[Round "8.4"]
[White "Pajkovic, Vladimir"]
[Black "Savic, Miomir"]
[Result "1-0"]
[WhiteElo "2417"]
[BlackElo "2206"]
[PlyCount "74"]
[EventDate "2011.10.08"]
[EventType "team-tourn"]
[EventRounds "9"]
[EventCountry "MNE"]
[SourceTitle "CBM 144 Extra"]
[Source "ChessBase"]
[SourceDate "2011.10.28"]
[SourceVersion "1"]
[SourceVersionDate "2011.10.28"]
[SourceQuality "1"]
[WhiteTeam "Podgorica Buducnost"]
[BlackTeam "Herceg Novi"]
[WhiteTeamCountry "MNE"]
[BlackTeamCountry "MNE"]

1. Nf3 Nf6 2. c4 c5 3. Nc3 d6 4. d4 cxd4 5. Nxd4 g6 6. e4 Bg7 7. Be2 0-0 8. 0-0 Nc6 9. Be3 Bd7 10. Qd2 Rc8 11. f3 Re8 12. Rfd1 Qa5 13. Nb3 Qc7 14. c5 dxc5 15. Nxc5 Rcd8 16. Nxd7 Nxd7 17. Qc2 Be5 18. Kh1 Qb8 19. Bg1 Nf8 20. Bc4 Nd4 21. Qf2 b5 22. Bf1 b4 23. Nd5 Nde6 24. Qxa7 Qxa7 25. Bxa7 Ra8 26. Bb5 Rxa7 27. Bxe8 Bxb2 28. Rab1 Ba3 29. Rd2 g5 30. Bb5 Ng6 31. Nxb4 Nc7 32. Nc6 Nxb5 33. Rxb5 Rc7 34. Rc2 h6 35. g3 e6 36. Rb3 Bf8 37. a4 Ne5 1-0

[Event "MNT-chT"]
[Site "Tivat"]
[Date "2011.10.10"]
[Round "3.5"]
[White "Savic, Miomir"]
[Black "Rabrenovic, Milinko"]
[Result "1-0"]
[WhiteElo "2206"]
[BlackElo "2264"]
[PlyCount "71"]
[EventDate "2011.10.08"]
[EventType "team-tourn"]
[EventRounds "9"]
[EventCountry "MNE"]
[SourceTitle "CBM 144 Extra"]
[Source "ChessBase"]
[SourceDate "2011.10.28"]
[SourceVersion "1"]
[SourceVersionDate "2011.10.28"]
[SourceQuality "1"]
[WhiteTeam "Herceg Novi"]
[BlackTeam "Bar Mornar"]
[WhiteTeamCountry "MNE"]
[BlackTeamCountry "MNE"]

1. d4 Nf6 2. c4 g6 3. Nc3 d5 4. e3 Bg7 5. Nf3 0-0 6. Be2 c5 7. dxc5 Qa5 8. 0-0 dxc4 9. Bxc4 Qxc5 10. Be2 Nc6 11. a3 Bf5 12. Qa4 a6 13. Qh4 Nd5 14. Na4 Qc2 15. Bd1 Qd3 16. Nc5 Qb5 17. e4 Qxc5 18. exf5 gxf5 19. Ng5 h6 20. Nf3 f4 21. Bxf4 Nxf4 22. Qxf4 Bxb2 23. Rb1 Bg7 24. Rxb7 Rab8 25. Rxb8 Rxb8 26. Ba4 e5 27. Qg4 Ne7 28. Bd7 Qxa3 29. Nxe5 Qc5 30. Nxf7 Kf8 31. Be6 Qd4 32. Qg3 Rb6 33. Ba2 Rb2 34. Bb3 Nf5 35. Qb8+ Ke7 36. Re1+ 1-0

[Event "MNT-chT"]
[Site "Cetinje"]
[Date "2009.08.24"]
[Round "4.1"]
[White "Savic, Miomir"]
[Black "Kosic, Dragan"]
[Result "0-1"]
[WhiteElo "2209"]
[BlackElo "2488"]
[PlyCount "74"]
[EventDate "2009.08.21"]
[EventType "team-tourn"]
[EventRounds "7"]
[EventCountry "MNE"]
[SourceTitle "CBM 131 Extra"]
[Source "ChessBase"]
[SourceDate "2009.09.03"]
[SourceVersion "2"]
[SourceVersionDate "2009.09.16"]
[SourceQuality "1"]

1. d4 e6 2. Nf3 Nf6 3. c3 c5 4. g3 b6 5. Bg2 Bb7 6. 0-0 Be7 7. Nbd2 d5 8. Ne5 0-0 9. e3 Nbd7 10. Nxd7 Qxd7 11. a4 a6 12. f4 b5 13. axb5 axb5 14. Rxa8 Rxa8 15. Nf3 b4 16. Ne5 Qb5 17. h3 bxc3 18. bxc3 Ne4 19. Bxe4 dxe4 20. f5 exf5 21. c4 Qa4 22. dxc5 f6 23. Qd7 Qxd7 24. Nxd7 Rd8 25. Nb6 Bxc5 26. Na4 Ba7 27. c5 Bc6 28. Nb6 Bb5 29. Re1 Bb8 30. Kg2 Kf7 31. h4 Ke6 32. Kh3 Be5 33. Ba3 Rd3 34. Bb4 Rb3 35. Ba5 Rb2 36. Rd1 Rf2 37. Be1 Bf1# 0-1

[Event "MNT-chT"]
[Site "Herceg Novi"]
[Date "2008.08.27"]
[Round "3"]
[White "Milanovic, Slavisa"]
[Black "Savic, Miomir"]
[Result "0-1"]
[WhiteElo "2340"]
[BlackElo "2201"]
[PlyCount "60"]
[EventDate "2008.08.25"]
[EventType "team-tourn"]
[EventRounds "7"]
[EventCountry "MNE"]
[SourceTitle "CBM 126 Extra"]
[Source "ChessBase"]
[SourceDate "2008.11.05"]
[SourceVersion "1"]
[SourceVersionDate "2008.11.05"]
[SourceQuality "1"]

1. c4 Nf6 2. Nc3 e6 3. e4 d5 4. e5 Nfd7 5. cxd5 Nxe5 6. d4 Ng6 7. dxe6 Bxe6 8. d5 Bf5 9. h4 Bc5 10. Nf3 0-0 11. Nd4 Re8+ 12. Be3 Bxd4 13. Qxd4 Nc6 14. Qa4 Nce5 15. h5 Nf8 16. Qf4 Bd3 17. Rd1 Bxf1 18. Kxf1 Nfd7 19. h6 g6 20. Ne4 f5 21. Ng5 Nf6 22. Qd4 Qd6 23. Bf4 Rad8 24. Nf3 Qa6+ 25. Kg1 Nxf3+ 26. gxf3 Rxd5 27. Qxd5+ Nxd5 28. Rxd5 Re1+ 29. Kg2 Rxh1 30. Rd8+ Kf7 0-1

[Event "MNT-chT"]
[Site "Herceg Novi"]
[Date "2008.08.26"]
[Round "2"]
[White "Savic, Miomir"]
[Black "Perosevic, Aleksandar"]
[Result "0-1"]
[WhiteElo "2201"]
[BlackElo "2213"]
[PlyCount "65"]
[EventDate "2008.08.25"]
[EventType "team-tourn"]
[EventRounds "7"]
[EventCountry "MNE"]
[SourceTitle "CBM 126 Extra"]
[Source "ChessBase"]
[SourceDate "2008.11.05"]
[SourceVersion "1"]
[SourceVersionDate "2008.11.05"]
[SourceQuality "1"]

1. d4 c5 2. dxc5 e6 3. Nc3 Na6 4. Ne4 Nxc5 5. Nd6+ Bxd6 6. Qxd6 Ne4 7. Qd4 Nef6 8. Nf3 Ne7 9. Bg5 Nc6 10. Qh4 Qa5+ 11. Bd2 Qf5 12. 0-0-0 d5 13. Bc3 e5 14. e3 0-0 15. Bb5 Re8 16. Rhf1 a6 17. Be2 b5 18. a3 Rb8 19. g4 Qxg4 20. Rg1 Qxh4 21. Nxh4 b4 22. axb4 Nxb4 23. Kb1 Ne4 24. Be1 Be6 25. c3 Nc6 26. Bg4 Rb3 27. f3 Nc5 28. Rg2 Reb8 29. Bxe6 fxe6 30. Ka2 Na5 31. Bg3 Nc4 32. Rdd2 Na4 33. Be1 0-1